Proceso contencioso entre el Doctor Gerónimo Gómez de Sanabria, oidor de Valladolid, contra Francisco Gadea sobre diversos delitos, como el lucro mercantil

Detalles Bibliográficos
Otros Autores: Gerónimo Gómez de Senabria
Formato: Libro
Publicado: Valladolid, 1629
Materias:
Colección:Banco de datos
Acervo:Biblioteca Palafoxiana. Colección de Manuscritos
Descripción Física:3 f. ; 30.6 x 21.3 cm.
Tema general:Civil
LEADER 00510nam a22001450004500
035 |a 2128 
245 1 0 |a Proceso contencioso entre el Doctor Gerónimo Gómez de Sanabria, oidor de Valladolid, contra Francisco Gadea sobre diversos delitos, como el lucro mercantil 
260 |a Valladolid, 1629 
300 |a 3 f. ; 30.6 x 21.3 cm. 
650 1 0 |a Civil 
700 1 |a Gerónimo Gómez de Senabria 
949 |a 38109/004 
942 |c PALAMANU 
943 |g Biblioteca Palafoxiana. Colección de Manuscritos 
999 |c 1070073  |d 1070073